01359cam a22002777a 450000500170000000800410001702000150005804000290007304100080010204400080011008200200011810000230013824501410016125000230030226000880032530000780041350400550049165000410054665000430058765000260063071000700065694200150072699900150074195201640075695201610092020160126184900.0960424s1996 vauab 000 0 eng d a1886765030 aQPEcQPEdDLCdCO-BOIAvH aeng axxu00a333.95816bR66w1 aRoca, Roberto Luis10aWings from afar :ban ecoregional approach to conservation of neotropical migratory birds in South America /cRoberto Roca ... [et al.]. aPrimera edición. aArlington, Va. :bNature Conservancy, Latin America and Caribbean Division,cc1996. a180 páginas :bilustraciones algunas a color, mapas;c28 centímetros. aIncluye referencias bibliográficas (p. 165-173). 0aAvesxMigraciónzAmérica del Sur 0aAvesxMigraciónzAmérica del Norte 0aAvesxConservación.2 aNature Conservancy (U.S.).bLatin America and Caribbean Division. 2ddccLIBRO c1142d1142 00102ddc40708GENERALIINV2017aBogotabBogotad1999-04-17eInstitutog39000.00l0oLB-333.95816 R66wp001547r2012-12-04 00:00:00tEj. 1w2012-12-04yLIBRO 00102ddc40708GENERALIINV2017aVenadobVenadod2014-03-12eInstitutog39000.00l0oLB-333.95 R66wp059959r2014-03-12 00:00:00tEj. 1w2014-03-12yLIBRO